| 000 | 00743cam a22002411a 4500 | ||
|---|---|---|---|
| 001 | g 01000804 | ||
| 003 | DLC | ||
| 005 | 20260227111252.0 | ||
| 008 | 810811s1898 gw b 000 0 ger | ||
| 010 | _ag 01000804 | ||
| 035 | _a(OCoLC)7660098 | ||
| 040 |
_aDLC _cDNIE _dDNIE _dDLC |
||
| 042 | _apremarc | ||
| 050 | 0 | 0 |
_aPR5263 _b.F4 |
| 100 | 1 |
_aFechheimer, Samuel Sigismund, _d1867- |
|
| 245 | 1 | 0 |
_aUeber die Bedeutung Ruskins für das Leben und die Erziehung in England / _cvon Samuel S. Fechheimer. |
| 260 |
_aJena : _bUniversitäts-Buchdr. G. Neuenhahn, _c1898. |
||
| 300 |
_a63 p. ; _c23 cm. |
||
| 502 | _aThesis (doctoral)--Jena. | ||
| 500 | _aVita. | ||
| 504 | _aBibliography: p. [62]-63. | ||
| 600 | 1 | 0 |
_aRuskin, John, _d1819-1900. |
| 999 |
_c23564 _d23564 |
||